Tom and Jerry's [ 50th birthday classic

Bibliographic Details
Format: Book
Published: s.l. : MGM/UA Home Video , 19_.
Subjects:

MARC

LEADER 00000cam a2200000 7i4500
001 0000000309
002 000000384
005 20021002.0
020 |a 000000384 
090 0 0 |a JF   |b TOM 
245 0 0 |a Tom and Jerry's [  |h video recording] :   |b 50th birthday classic 
260 |a s.l. :   |b MGM/UA Home Video ,   |c 19_. 
300 |a 1 Video recording VHS (57 minutes) :   |b col.(PAL) 
500 |a Library has 1 copy 
650 0 0 |a Cartoon and carricatures 
999 |a PV0199   |b VIDEO   |c JUNIOR REFERENCE   |e PERPUSTAKAAN KOMUNITI PETALING JAYA